LEADER 01119nam 2200313z- 450 001 9910694045503321 005 20130601085306.0 035 $a(CKB)5860000000025342 035 $a(BIP)013482158 035 $a(EXLCZ)995860000000025342 100 $a20220406c2006uuuu -u- - 101 0 $aeng 200 10$aHomeland security $ethe 9/11 Commission and the course ahead : hearing before the Select Committee on Homeland Security, House of Representatives, One Hundred Eighth Congress, second session, September 14, 2004 215 $a1 online resource (iii, 57 p.) 311 $a0-16-075941-2 517 $aHomeland security 606 $aNational security$zUnited States 606 $aTerrorism$zUnited States$xPrevention 610 $aUnited States 610 $aNational security 610 $aTerrorism 610 $aPolitical science 615 0$aNational security 615 0$aTerrorism$xPrevention. 712 02$aUnited States, Congress House Select Committee on Homeland Security Staff,$4oth 906 $aBOOK 912 $a9910694045503321 996 $aHomeland Security$91686681 997 $aUNINA